000 00609nam a2200229Ia 4500
003 OSt
005 20220923214353.0
006 a|||||r|||| 00| 0
007 ta
008 220922b |||||||| |||| 00| 0 hin d
024 _a169,243
037 _cTextual
040 _aARTS
_cARTS
_bhin
041 _2hin
_ahin
082 _aO152:1J03j, H9(TPH)
245 0 _aमीरा स्मृति ग्रन्थ
246 _aMīrā smṛuti grantha
260 _c1949
490 _aजन भारती; 2
942 _hO152:1J03j, H9(TPH)
_cTEXL
_2CC
999 _c323699
_d323699